000 00566nam a2200193Ia 4500
005 20250423100836.0
008 250422s9999 xx 000 0 und d
020 _a9780702032288
050 _aQP 34.5 .W384/
100 _aWaugh, Anne
245 0 _aRoss and Wilson anatomy and physiology in health and illness
250 _a11th ed.
260 _aNew York
260 _bChurchill Livingstone/Elsevier
260 _c2010
300 _a495 p
650 _aHuman anatomy Human physiology Nursing—Anatomy and physiology Pathophysiology Health
942 _cBK
999 _c34502
_d34502